000 00273nam a2200121 a 4500
005 20141022142000.0
008 080925s19uu xx 00 eng d
050 _aVHS
_bD11 REP
245 _aDalagang bukid.
650 _aVHS.
650 _aDalagang bukid.
942 _cAVM
999 _c276220
_d276220